Statistics for St Andrews Lore

Click here to take the quiz!

General Stats

  • This quiz has been taken 14 times
  • The average score is 11 of 20

Answer Stats

HintAnswer% Correct
What did George crash his car intoTree
100%
Clev changed his name toPhil
88%
Code for vapingAnyone going toi
75%
Who fell down the fucking stairs when she
was on crutches in year 11
Lauren Foster
75%
Matt Horlock's first year 7 girlfriendLiberty Everest
75%
Who owned the community lockerWill Pickup
75%
Person mocked scott for liking in year 7Alice Withers
63%
Head of 6th form when we were in year 7Brooks
63%
Drama teacher who looked like he escaped an assylumGoodair
63%
Who scored the bicycle kick in bellend toboggan
semi final
Liam Potter
63%
Stan year 6/7 namePeachly
63%
Who got trolled into thinking he'd won the weekly
form award every fucking week
Scott White
63%
Who did I take the glasses off that George stomped
on to get us isolation
Tom Gulliver
63%
Name for the large* girl in the year belowJabba
38%
My youtube channelJSI vlogs
38%
Who kicked Khodi in the face with a basketball
(accident)
Sam James
38%
Kid who gets gassed in BITSPSchmuel
38%
Samuels year 9 girlfriendKiana
25%
Original group chat nameSquad bench
25%
When on the Ypres trip in year 9, Hamshar was waffling
about the normandy beaches saying there were only 4
landing sites - sword, Juno, Omaha and what word did he
incorrectly label Gold beach as
Shield
0%

Score Distribution

Percentile by Number Answered

Percent of People with Each Score

Your Score History

You have not taken this quiz